| 000 | 00853nam a2200265 a 4500 | ||
|---|---|---|---|
| 003 | MX-MxUPN | ||
| 005 | 20260401100115.0 | ||
| 007 | cr |||aaaaaaa| | ||
| 008 | 260330s2024 ck| ||||o ||| 000 p spa d | ||
| 020 | _a9786287760318 | ||
| 040 |
_aMX-MxUPN _bspa _eaacr2 |
||
| 041 | 0 | _aspa | |
| 050 | 1 | 4 | _aPQ8170 |
| 100 | 1 |
_aFonseca, John Henry _959197 |
|
| 245 | 1 | 3 |
_aEl cerrado espesor de las tinieblas _h[recurso electrónico en línea] |
| 250 | _aPrimera edición | ||
| 260 |
_aBogotá, Colombia : _bUniversidad Pedagógica Nacional, _c2024 |
||
| 300 |
_a1 recurso en línea (68 páginas) : _bPDF |
||
| 490 | 0 | _aColección Literatura y Lenguaje. Serie Poesía | |
| 506 | 0 | _aAcceso abierto | |
| 650 | 4 |
_aPoesía colombiana _91223 |
|
| 856 | 4 | 0 | _uhttp://hdl.handle.net/20.500.12209/20805 |
| 902 | _aJohanaAllegre/300326 | ||
| 942 |
_2lcc _cLIBRO-E |
||
| 999 |
_c214907 _d214907 |
||